|
|
|
|
| LEADER |
00000nab a2200000 a 4500 |
| 001 |
vtls009631018 |
| 003 |
SK-MaSNL |
| 005 |
20260303140719.0 |
| 008 |
140515c2009 xo wr|p|||||||000 b|slo |
| 015 |
|
|
|a SNBRB2009/07
|2 snkbucl
|
| 040 |
|
|
|a SNKBUCL
|b slo
|c SNKBUCL
|e AACR2
|
| 041 |
0 |
|
|a slo
|
| 044 |
|
|
|a xo
|c SK
|
| 080 |
|
|
|a 615.838
|x (437.6)
|2 2001
|
| 080 |
|
|
|a 658.114-051
|2 2001
|
| 100 |
1 |
|
|a Hríb, Štefan,
|d 1965-
|4 ivr
|4 aut
|
| 245 |
1 |
0 |
|a Piešťany majú veľký potenciál
|c Štefan Hríb, Martin Mojžiš, Sir Bernard Schreier
|
| 300 |
|
|
|b Fotogr.
|
| 610 |
|
7 |
|a Kúpele Piešťany (Slovensko)
|2 snkbucl
|9 22587
|
| 650 |
0 |
7 |
|a liečebné kúpele
|2 snkbucl
|9 1032202
|
| 655 |
|
7 |
|a rozhovory
|2 snkbucl
|9 31831
|
| 700 |
1 |
|
|a Mojžiš, Martin,
|d 1960-
|4 ivr
|9 222150
|
| 700 |
1 |
|
|a Schreier, Bernard
|c sir,
|d 1918-
|4 ive
|9 1159403
|
| 773 |
0 |
|
|t Týždeň
|g Roč. VI, č. 28 (2009), s. 22-25
|x 1336-5932
|
| 852 |
|
|
|a SNK
|b KIS3GCP
|
| 958 |
|
|
|a SK
|
| 999 |
|
|
|c 1972913
|d 1974843
|